000 00285nam a2200121Ia 4500
008 190216s9999||||xx |||||||||||||| ||und||
100 _aSeidenberg
245 0 _aLectures In Projective Geometry
260 _bVannostrand
_c1965
300 _a230p
650 _aMathematics
942 _cBK
999 _c30483
_d30483